MARC details
| 000 -LEADER |
| campo de control de longitud fija |
02903cam a2200421 a 4500 |
| 001 - NÚMERO DE CONTROL |
| campo de control |
101878 |
| 005 - FECHA Y HORA DE LA ÚLTIMA TRANSACCIÓN |
| campo de control |
20230410142312.0 |
| 008 - DATOS DE LONGITUD FIJA--INFORMACIÓN GENERAL |
| campo de control de longitud fija |
090929s2010 nyu b 001 0 eng |
| 010 ## - NÚMERO DE CONTROL DE LA BIBLIOTECA DEL CONGRESO |
| Número de control de LC |
2009040614 |
| 035 ## - NÚMERO DE CONTROL DEL SISTEMA |
| Número de control de sistema |
(OCoLC)ocn435419419 |
| 040 ## - FUENTE DE CATALOGACIÓN |
| Centro catalogador/agencia de origen |
DLC |
| Centro/agencia transcriptor |
DLC |
| Centro/agencia modificador |
YDX |
| -- |
YDXCP |
| -- |
UKM |
| -- |
BWX |
| -- |
BUR |
| -- |
VP@ |
| -- |
CDX |
| 015 ## - NÚMERO DE BIBLIOGRAFÍA NACIONAL |
| Número de bibliografía nacional |
GBB061387 |
| Fuente |
bnb |
| 016 7# - NÚMERO DE CONTROL DE UNA AGENCIA BIBLIOGRÁFICA NACIONAL |
| Número de control del registro |
015551780 |
| Fuente |
Uk |
| 020 ## - NÚMERO INTERNACIONAL ESTÁNDAR DEL LIBRO |
| Número Internacional Estándar del Libro |
9781594033759 (hc : alk. paper) |
| 020 ## - NÚMERO INTERNACIONAL ESTÁNDAR DEL LIBRO |
| Número Internacional Estándar del Libro |
1594033757 (hc : alk. paper) |
| 035 ## - NÚMERO DE CONTROL DEL SISTEMA |
| Número de control de sistema |
(OCoLC)435419419 |
| 050 14 - SIGNATURA TOPOGRÁFICA DE LA BIBLIOTECA DEL CONGRESO |
| Número de clasificación |
BL 65 |
| Número de ítem |
P562w 2010 |
| 082 00 - NÚMERO DE LA CLASIFICACIÓN DECIMAL DEWEY |
| Número de clasificación |
201/.72 |
| 049 ## - FONDOS LOCALES (OCLC) |
| Biblioteca depositaria |
GRAL |
| 100 1# - ENTRADA PRINCIPAL--NOMBRE DE PERSONA |
| Nombre de persona |
Phillips, Melanie, |
| Fechas asociadas al nombre |
1951- |
| 245 14 - MENCIÓN DEL TÍTULO |
| Título |
The world turned upside down : |
| Resto del título |
the global battle over god, truth, and power / |
| Mención de responsabilidad, etc. |
Melanie Phillips. |
| 250 ## - MENCION DE EDICION |
| Mención de edición |
1st American ed. |
| 260 ## - PUBLICACIÓN, DISTRIBUCIÓN, ETC. |
| Lugar de publicación, distribución, etc. |
New York : |
| Nombre del editor, distribuidor, etc. |
Encounter Books, |
| Fecha de publicación, distribución, etc. |
2010. |
| 300 ## - DESCRIPCIÓN FÍSICA |
| Extensión |
xiv, 486 p. ; |
| Dimensiones |
24 cm. |
| 504 ## - NOTA DE BIBLIOGRAFÍA, ETC. |
| Nota de bibliografía, etc. |
Includes bibliographical references and index. |
| 505 0# - NOTA DE CONTENIDO CON FORMATO |
| Nota de contenido con formato |
Cults and conspiracies from Diana to Obama -- The myth of environmental Armageddon -- The Iraq War -- The misrepresentation of Israel -- Scientific triumphalism -- The secular inquisition -- The Middle East witch-hunt -- The jihad against Western freedom -- Islamic Jew-hatred -- Western Jew-hatred -- The red-black-green-Islamic axis -- The quest for redemption -- How enlightenment unraveled -- The attack on Western civilization -- Reason and the Bible -- Why Britain is in the forefront -- The revival of Christian Jew-hatred -- The disenchantment of reason. |
| 520 ## - RESUMEN, ETC. |
| Sumario, etc. |
In what we tell ourselves is an age of reason, we are behaving increasingly irrationally. An astonishing number of people subscribe to celebrity-endorsed cults, Mayan Armageddon prophecies, scientism, and other varieties of New Age, anti-enlightenment philosophies. Millions more advance popular conspiracy theories. Here, Melanie Phillips explains that the basic cause of this explosion of irrationality is the slow but steady marginalization of religion. We tell ourselves that faith and reason are incompatible, but the opposite is the case. It was Christianity and the Hebrew Bible, Phillips asserts, that gave us our concepts of reason, progress, and an orderly world on which science and modernity are based. Without its religious traditions, the West has drifted into mass derangement where truth and lies, right and wrong, victim and aggressor are all turned upside down. Worst of all, asserts Phillips, this abandonment of rationality leaves the West vulnerable to legitimate threats.--From publisher description. |
| 650 #0 - PUNTO DE ACCESO ADICIONAL DE MATERIA--TÉRMINO DE MATERIA |
| Término de materia o nombre geográfico como elemento de entrada |
Religion and state. |
| 650 #0 - PUNTO DE ACCESO ADICIONAL DE MATERIA--TÉRMINO DE MATERIA |
| Término de materia o nombre geográfico como elemento de entrada |
Religion and politics. |
| 650 #4 - PUNTO DE ACCESO ADICIONAL DE MATERIA--TÉRMINO DE MATERIA |
| Término de materia o nombre geográfico como elemento de entrada |
Religión y estado. |
| 650 #4 - PUNTO DE ACCESO ADICIONAL DE MATERIA--TÉRMINO DE MATERIA |
| Término de materia o nombre geográfico como elemento de entrada |
Religión y política. |
| 938 ## - |
| -- |
YBP Library Services |
| -- |
YANK |
| -- |
3191502 |
| 938 ## - |
| -- |
Blackwell Book Service |
| -- |
BBUS |
| -- |
R4848617 |
| -- |
$23.95 |
| 938 ## - |
| -- |
Coutts Information Services |
| -- |
COUT |
| -- |
10732906 |
| 942 ## - ELEMENTOS DE ENTRADA SECUNDARIOS (KOHA) |
| Fuente del sistema de clasificación o colocación |
Clasificación de Library of Congress |
| Tipo de ítem Koha |
|
| 946 ## - PROCESAMIENTO DE INFORMACIÓN LOCAL (OCLC) |
| a |
CV |
| 994 ## - |
| -- |
C0 |
| -- |
DRFGD |